Statistiques concernant Culture Générale - Série 1368

Cliquez ici pour prendre le quiz!

Statistiques générales

  • Ce quiz a été pris 55 fois
  • Le résultat moyen est 4 sur 10

Statistiques - réponses

Question Réponse % Correct
D'après la fable de La Fontaine "Le Corbeau et le Renard", que tient dans son bec Maître Corbeau ?fromage
93%
Comment appelle-t-on le petit du cerf et de la biche ?faon
84%
De quel pays est originaire le “lassi”, boisson salée à base de yaourt ?Inde
42%
En 2000, quelle franco-rwandaise fut élue Miss France ?Sonia Rolland
36%
Quel joueur de football néerlandais devient l'entraîneur de l'Ajax d'Amsterdam en 1985, puis du FC Barcelone en 1988 ?Johan Cruyff
29%
Sous quel nom connaissait-on mieux le comique Simon Berryer ?Sim
24%
Quel chanteur, originaire de la région de Perpignan, a pour nom de scène le nom d'une grande ville de Colombie ?Cali
24%
De quelle commune francilienne, célèbre pour sa toile imprimée, les Jovaciens sont-ils les habitants ?Jouy-en-Josas
18%
Quel grand cerf des plaines d'Amérique du Nord porte un nom algonquin signifiant "croupe blanche" ?wapiti
13%
Qui est le réalisateur du film “Pink Floyd, The Wall” en 1982 ?Alan Parker
4%

Distribution des résultats

Percentile par nombre de réponses

% des personnes avec chaque résultat

Votre développement - résultats

Vous n’avez pas pris ce quiz